[Event "Warsaw YMCA Summer-B 277th"]
[Site "Warsaw"]
[Date "2023.08.03"]
[Round "8"]
[White "Kozera, Konrad"]
[Black "Kozak, Jan"]
[Result "1-0"]
[WhiteElo "1202"]
[BlackElo "1316"]
[PlyCount "53"]
[EventDate "2023.07.04"]
[EventType "tourn"]
[EventRounds "10"]
[EventCountry "POL"]
[SourceTitle "EXT 2024"]
[Source "ChessBase"]
[SourceDate "2023.10.10"]
[SourceVersion "1"]
[SourceVersionDate "2023.10.10"]
[SourceQuality "1"]

1. e4 d6 2. d4 Nf6 3. Nc3 g6 4. Be3 Bg7 5. f3 c6 6. Qd2 Bd7 7. 0-0-0 Na6 8. Kb1 Rb8 9. e5 Nd5 10. Nxd5 cxd5 11. exd6 e6 12. g4 Qb6 13. Bh6 0-0 14. h4 Rfc8 15. Bxg7 Kxg7 16. h5 Ba4 17. Bd3 Rh8 18. Bxa6 bxa6 19. b3 a5 20. Qf4 Bd7 21. h6+ Kf8 22. Qf6 Qxd6 23. Qxh8+ Ke7 24. Qe5 Qb6 25. Ne2 a4 26. Nc3 a5 27. Nxd5+ 1-0